<?xml version="1.0" encoding="UTF-8"?>
<collection xmlns="http://www.loc.gov/MARC21/slim">
 <record>
  <leader>00452pamaa2200157   4500</leader>
  <controlfield tag="001">0000032834</controlfield>
  <controlfield tag="005">20130828090000.0</controlfield>
  <datafield tag="020" ind1="0" ind2="0">
   <subfield code="a">1861005458 </subfield>
  </datafield>
  <datafield tag="082" ind1=" " ind2=" ">
   <subfield code="a">005.276 PRO</subfield>
  </datafield>
  <datafield tag="090" ind1="0" ind2="0">
   <subfield code="a">TK5105.8885.A26 </subfield>
   <subfield code="b">PRO 2001</subfield>
  </datafield>
  <datafield tag="245" ind1="1" ind2="0">
   <subfield code="a">PROFESSIONAL asp.net web services  </subfield>
   <subfield code="c">Russ Basiura...[et al.].</subfield>
  </datafield>
  <datafield tag="260" ind1="0" ind2="0">
   <subfield code="a">Birmingham: </subfield>
   <subfield code="b">Wrox Press, </subfield>
   <subfield code="c">2001.</subfield>
  </datafield>
  <datafield tag="300" ind1=" " ind2=" ">
   <subfield code="a">xv, 761p.: </subfield>
   <subfield code="b">ill.; </subfield>
   <subfield code="c">23cm.</subfield>
  </datafield>
  <datafield tag="650" ind1="0" ind2="0">
   <subfield code="a">Computer -- </subfield>
   <subfield code="x">Web </subfield>
  </datafield>
  <datafield tag="650" ind1="0" ind2="0">
   <subfield code="a">Computer programme </subfield>
  </datafield>
  <datafield tag="700" ind1="1" ind2="1">
   <subfield code="a">BASIURA, </subfield>
   <subfield code="h">Russ </subfield>
  </datafield>
 </record>
</collection>
